000
00283nam a22001217a 4500
003
SGT
082
_a
341.23
_b
UNP
100
_a
UNITED NATION PUBLICATION
245
_a
EVERYMANS UNITED NATION
260
_a
NEW YORK
_b
UNITED NATION PUBLICATION
_c
1968
300
_a
634
942
_2
ddc
_c
BK
999
_c
33366
_d
33366